000 00746nam a2200181 a 4500
001 000037777
005 20201002031119.0
008 130306s1985 dr 000 0 spa d
040 _aDO-SdBNP
_bspa
_cBNPHU
100 1 _aVásquez Natera, Ismael Rafael
_964229
245 1 0 _aSituación de la producción y consumo mundial de medicamentos, con enfasis en la República Dominicana. /
_cIsmael Rafael Vásquez Natera, Angel Cedeño Cedano.
260 _aSanto Domingo :
_bInstituto Dominicano de Tecnología Industrial (Indotec),
_c1985.
300 _a61 p. ;
_c22 cm,.
490 1 _aMonografía
_vno. 8
700 1 _aCedeño Cedano, Angel
_964230
710 2 _aInstituto Dominicano de Tecnología Industrial
_964231
830 0 _aMonografía
_n8
_964232
999 _c37267
_d37267